The essential Drucker (Registro nro. 297735)

Detalles MARC
000 -ENCABEZADO
Número de control [NR] 01037cam a2200277 a 4500
005 - FECHA Y HORA DE LA ÚLTIMA TRANSACCIÓN
control field 20150126091339.0
008 - DE LONGITUD FIJA DE DATOS DE ELEMENTOS - INFORMACIÓN GENERAL
Elementos de longitud fija [NR] 150126s2007 enk fr 001 0 eng
020 ## - NUMERO INTERNACIONAL NORMALIZADO PARA LIBROS [R]
Número Internacional Normalizado del libro [NR] 9780750685061
020 ## - NUMERO INTERNACIONAL NORMALIZADO PARA LIBROS [R]
Número Internacional Normalizado del libro [NR] 0750685069
040 ## - FUENTE DE CATALOGACION [NR]
Agencia de catalogación original [NR] CO-BoUCM
Idioma de catalogación [NR] spa
Quien Cataloga Jose A. Gerena
Quien Clasifica Jose A. Gerena
041 0# - CODIGO DE IDIOMA [R]
Código de idioma para texto/pista de sonido o título separado [R] Inglés
100 1# - ASIENTO PRINCIPAL--NOMBRE PERSONAL [NR]
Nombre personal [NR] Drucker, Peter F.
Forma más completa del nombre [NR] (Peter Ferdinand)
Fechas asociadas con el nombre [NR] 1909-2005
ID Autoridad 66179
245 14 - MENCION DE TITULO [NR]
Título [NR] The essential Drucker
Parte restante del título [NR] selections from the management works of Peter F. Drucker
260 ## - PUBLICACION, DISTRIBUCION, ETC. (PIE DE IMPRENTA) [R]
Lugar de publicación, distribución, etc. [R] Londres (Inglaterra)
Nombre del editor, distribuidor, etc. [R] Routledge
Fecha de publicación, distribución, etc. [R] 2007
300 ## - DESCRIPCION FISICA [R]
Extensión [R] xvii, 275 páginas
490 1# - MENCION DE SERIE [R]
Mención de serie [R] The classic Drucker collection
504 ## - NOTA DE BIBLIOGRAFIA, ETC. [R]
Nota de bibliografía, etc. [NR] Incluye referencias bibliográficas e índices
650 #7 - ASIENTO SECUNDARIO DE MATERIA - TERMINO TEMATICO [R]
Término temático o nombre geográfico como elemento de entrada [NR] Administración de empresas
9 (RLIN) 26444
650 #7 - ASIENTO SECUNDARIO DE MATERIA - TERMINO TEMATICO [R]
Término temático o nombre geográfico como elemento de entrada [NR] Gestion industrial
9 (RLIN) 16423
650 #7 - ASIENTO SECUNDARIO DE MATERIA - TERMINO TEMATICO [R]
Término temático o nombre geográfico como elemento de entrada [NR] Liderazgo administrativo
9 (RLIN) 18534
650 #7 - ASIENTO SECUNDARIO DE MATERIA - TERMINO TEMATICO [R]
Término temático o nombre geográfico como elemento de entrada [NR] Emprendimiento empresarial
9 (RLIN) 14098
650 #7 - ASIENTO SECUNDARIO DE MATERIA - TERMINO TEMATICO [R]
Término temático o nombre geográfico como elemento de entrada [NR] Éxito en los negocios
9 (RLIN) 15417
690 ## - ASUNTO AGREGADO LOCAL DE ENTRADA - TÉRMINO TEMÁTICO (OCLC, RLIN)
9 (RLIN) 42736
Acceso temático local Administración de empresas
942 ## - ELEMENTOS DE ENTRADA AGREGADOS (KOHA)
Sistema de clasificación DEWEY
Tema principal Administración
Tipo de ítem principal el descrito en 300a Libro de reserva
Edición 1
Clasificación 368.4
Parte restante de la signatura top. D794
Existencias
Total préstamos Signatura topográfica Código de barras Última vez visto Ejemplar Costo de reposición Price effective from Tipo de ítem Perdido Sistema de clasificación Dañado No prestable Tipo de ítem específico Suprimido Ubicación habitual Ubicación actual Localización Fecha de creación Proveedor Forma de adquisición Costo
  658.4 D794 100144636 11/12/2025 Ej.1 67241.00 12/12/2014 Libro de reserva   DEWEY     Libro de reserva   Sede del emprendimiento y la innovación Sede del Emprendimiento, Innovación y Creación 1er piso 12/12/2014 15 Compra 67313.00